[Event "Rio de Janeiro CXG op 05"]
[Site "Rio de Janeiro"]
[Date "2009.06.20"]
[Round "6"]
[White "Chaves, Jorge Antonio Torre"]
[Black "Murga, Jose Luis Chauca"]
[Result "1-0"]
[WhiteElo "2123"]
[BlackElo "2098"]
[PlyCount "307"]
[EventDate "2009.05.09"]
[EventType "swiss"]
[EventRounds "7"]
[EventCountry "BRA"]
[SourceTitle "EXT 2012"]
[Source "ChessBase"]
[SourceDate "2011.11.24"]
[SourceVersion "1"]
[SourceVersionDate "2011.11.24"]
[SourceQuality "1"]

1. d4 Nf6 2. c4 e6 3. Nf3 d5 4. Nc3 Be7 5. cxd5 exd5 6. Bg5 c6 7. e3 Bf5 8. Nh4 Be6 9. Bd3 h6 10. Bxf6 Bxf6 11. Nf5 g6 12. Ng3 Bg7 13. h4 h5 14. Nge2 f5 15. Nf4 Bf7 16. Qf3 Nd7 17. Qg3 Qf6 18. Nh3 Rc8 19. Rc1 0-0 20. 0-0 Rfe8 21. b4 a6 22. Ne2 Kh8 23. Ng5 Bg8 24. Nf4 Bf8 25. Rb1 Bd6 26. Qf3 Nf8 27. Rfc1 Nh7 28. Nxh7 Bxh7 29. g3 Bg8 30. Rc2 Bf7 31. Nh3 Red8 32. Ng5 Kg7 33. a4 Be8 34. Ra2 Bd7 35. Nh3 Ra8 36. Nf4 Qf7 37. Bf1 Be7 38. Nd3 Bd6 39. Nc5 Bc8 40. Rc2 b6 41. Nd3 Bb7 42. a5 b5 43. Bg2 Qe7 44. Qd1 Re8 45. Qd2 Rad8 46. Re1 Qf6 47. Nc5 Bxc5 48. Rxc5 Qd6 49. Rec1 Re6 50. Qd1 Rd7 51. Qf3 Qb8 52. Kf1 Qd6 53. Ke2 Rf7 54. Kd3 Rfe7 55. Kc3 Bc8 56. Kb3 Bd7 57. R5c3 Qb8 58. Qd1 Qf8 59. Qd3 Qf6 60. Rh1 Qf7 61. Rcc1 Qe8 62. Rce1 Qf7 63. Qc3 Qf8 64. Qc5 Qb8 65. Re2 Be8 66. Rhe1 Qa7 67. Qc3 Kg8 68. Ka3 Bf7 69. Rc2 Be8 70. Rec1 Kg7 71. Qb3 Qd7 72. Rc5 Qd6 73. R1c3 Kf8 74. Qc2 Rf7 75. Qc1 Rff6 76. Qd1 Re7 77. Qf3 Kg7 78. Rc1 Bd7 79. R5c3 Rfe6 80. Rg1 Rf6 81. Bf1 Rff7 82. Bd3 Qf6 83. Qf4 Be8 84. Qb8 Qe6 85. Qb6 Ra7 86. Rgc1 Rfc7 87. Bb1 Qd6 88. Ba2 Kf6 89. Qb8 Ke7 90. Qb6 Rab7 91. Qc5 Qxc5 92. Rxc5 Kd6 93. Kb2 Re7 94. Kc3 Bd7 95. Kd2 Rb8 96. Ke2 Re6 97. Kf3 Ke7 98. Bb1 Rf8 99. Bd3 Kf6 100. Re1 Rfe8 101. Rc3 Rf8 102. Bb1 Rfe8 103. Ke2 Ke7 104. Kd2 Kd6 105. Rcc1 Ke7 106. Re2 Kf6 107. Rce1 R6e7 108. Rg1 Rf8 109. Bd3 Rfe8 110. Ree1 Re6 111. Bc2 R8e7 112. f3 Rd6 113. Bd1 Rh7 114. Kd3 Be6 115. Rh1 Rd8 116. Reg1 Rdh8 117. Be2 Ke7 118. Rc1 Kd6 119. Bf1 Bd7 120. Bg2 Rf8 121. Rc5 Rc8 122. e4 Be6 123. e5+ Ke7 124. Ke3 Rhh8 125. Kf4 Kf7 126. Kg5 Bd7 127. Bh3 Rhg8 128. Kf4 Rgf8 129. Rg1 Kg7 130. Re1 Rfe8 131. Kg5 Re7 132. Rec1 Ree8 133. g4 fxg4 134. fxg4 Re7 135. Rf1 hxg4 136. Bxg4 Bxg4 137. Kxg4 Rf7 138. Rxf7+ Kxf7 139. Kg5 Kg7 140. Rc1 Rc7 141. Rf1 c5 142. dxc5 Re7 143. Re1 Re6 144. Kf4 Kh6 145. Rd1 Kh5 146. Rxd5 Kxh4 147. Rd6 g5+ 148. Kf5 Re8 149. Rh6+ Kg3 150. Rg6 Kh4 151. e6 Rf8+ 152. Rf6 Rh8 153. e7 Re8 154. Ke6 1-0

[Event "Rio de Janeiro CXG op 05"]
[Site "Rio de Janeiro"]
[Date "2009.06.06"]
[Round "5"]
[White "Murga, Jose Luis Chauca"]
[Black "Maia, Marco Aurelio Ferre"]
[Result "0-1"]
[WhiteElo "2098"]
[BlackElo "2139"]
[PlyCount "138"]
[EventDate "2009.05.09"]
[EventType "swiss"]
[EventRounds "7"]
[EventCountry "BRA"]
[SourceTitle "EXT 2012"]
[Source "ChessBase"]
[SourceDate "2011.11.24"]
[SourceVersion "1"]
[SourceVersionDate "2011.11.24"]
[SourceQuality "1"]

1. d4 d5 2. Nf3 Nf6 3. g3 Bg4 4. Bg2 e6 5. 0-0 Nbd7 6. b3 Be7 7. Bb2 0-0 8. Nbd2 c5 9. e3 Rc8 10. h3 Bh5 11. c4 cxd4 12. exd4 dxc4 13. Nxc4 b5 14. Ne3 Nb6 15. Qd3 a6 16. Ne5 Nbd5 17. a3 Qd6 18. Rfc1 Rfd8 19. Qf1 Nxe3 20. fxe3 Nd5 21. g4 Bg6 22. Rxc8 Rxc8 23. Rc1 Rc7 24. Rxc7 Qxc7 25. Nxg6 hxg6 26. e4 Ne3 27. Qf2 Bg5 28. Bf3 Nc2 29. Kg2 Be3 30. Qg3 Qxg3+ 31. Kxg3 Bxd4 32. Bc1 Bc5 33. b4 Bd6+ 34. Kf2 Be5 35. Bd1 Nd4 36. Ke3 Nc6 37. Kd3 Kf8 38. Kc2 Ke7 39. Be3 Kd6 40. Kb3 Bd4 41. Bf4+ e5 42. Bd2 Nd8 43. a4 Kc6 44. Ka3 f6 45. Bb3 bxa4 46. Kxa4 Kb6 47. Bd5 Bf2 48. Bc3 Be3 49. Kb3 Kb5 50. Bc4+ Kb6 51. Bd5 Bf2 52. Kc4 g5 53. Bb2 Be1 54. Bc1 Bf2 55. Bb2 Be3 56. Bc3 Bc1 57. Be1 Be3 58. Bc3 Bf2 59. Bb2 Be1 60. Bc1 Bf2 61. Bb2 Be3 62. Bc3 Bf2 63. Bb2 Kc7 64. b5 axb5+ 65. Kxb5 Kd7 66. Ba3 Ne6 67. Bxe6+ Kxe6 68. Kc4 g6 69. Kd3 Bb6 0-1

[Event "Rio de Janeiro CXG op 05"]
[Site "Rio de Janeiro"]
[Date "2009.05.30"]
[Round "4"]
[White "Rabello, David Sousa"]
[Black "Murga, Jose Luis Chauca"]
[Result "1/2-1/2"]
[WhiteElo "2014"]
[BlackElo "2098"]
[PlyCount "35"]
[EventDate "2009.05.09"]
[EventType "swiss"]
[EventRounds "7"]
[EventCountry "BRA"]
[SourceTitle "EXT 2012"]
[Source "ChessBase"]
[SourceDate "2011.11.24"]
[SourceVersion "1"]
[SourceVersionDate "2011.11.24"]
[SourceQuality "1"]

1. e4 c5 2. Nf3 e6 3. d4 cxd4 4. Nxd4 a6 5. Nc3 Qc7 6. Bd3 Bc5 7. Nb3 Be7 8. 0-0 Nf6 9. f4 d6 10. a4 b6 11. e5 Nfd7 12. exd6 Bxd6 13. Qg4 g6 14. Be3 Nc6 15. Ne4 Be7 16. Ng5 Nf6 17. Qe2 Bb7 18. h3 1/2-1/2

[Event "Rio de Janeiro CXG op 03"]
[Site "Rio de Janeiro"]
[Date "2009.03.28"]
[Round "4"]
[White "Murga, Jose Luis Chauca"]
[Black "Santos Filho, Tadeu Souza"]
[Result "0-1"]
[WhiteElo "2173"]
[BlackElo "2096"]
[PlyCount "88"]
[EventDate "2009.03.07"]
[EventType "swiss"]
[EventRounds "7"]
[EventCountry "BRA"]
[SourceTitle "EXT 2012"]
[Source "ChessBase"]
[SourceDate "2011.11.24"]
[SourceVersion "1"]
[SourceVersionDate "2011.11.24"]
[SourceQuality "1"]

1. d4 Nf6 2. Nf3 g6 3. g3 Bg7 4. Bg2 0-0 5. 0-0 d6 6. c4 Na6 7. Nc3 c5 8. e3 Rb8 9. b3 Bg4 10. h3 Bf5 11. Nh4 Bc8 12. Bb2 b6 13. f4 e6 14. Nb5 Qe7 15. dxc5 dxc5 16. Qe2 Bb7 17. e4 Nh5 18. Bxg7 Kxg7 19. Kh2 Nb4 20. Nxa7 Bxe4 21. Bxe4 Qxa7 22. a3 Na6 23. Bf3 Nf6 24. Qb2 Qe7 25. Bg2 Kg8 26. Rae1 Nh5 27. Qf2 Qf6 28. Re5 Ng7 29. Rd1 Rbd8 30. Rxd8 Rxd8 31. Bb7 Nb8 32. b4 Qe7 33. Bg2 Nd7 34. Re2 cxb4 35. axb4 Qxb4 36. Qd4 Qc5 37. Qd3 Qc7 38. Rd2 Kf8 39. Bf3 Ke7 40. Qc3 f6 41. Qb4+ Nc5 42. Re2 Rd4 43. Rb2 Rd6 44. Ng2 Nd3 0-1

[Event "Paulista-ch final"]
[Site "Santos"]
[Date "2008.06.29"]
[Round "6"]
[White "Fieri, Isaac Pedroso"]
[Black "Murga, Jose Luis Chauca"]
[Result "0-1"]
[WhiteElo "2051"]
[BlackElo "2209"]
[PlyCount "68"]
[EventDate "2008.06.26"]
[EventType "swiss"]
[EventRounds "7"]
[EventCountry "BRA"]
[SourceTitle "CBM 125 Extra"]
[Source "ChessBase"]
[SourceDate "2008.09.01"]
[SourceVersion "1"]
[SourceVersionDate "2008.09.01"]
[SourceQuality "1"]

1. c4 c5 2. Nc3 Nc6 3. Nf3 g6 4. b3 Bg7 5. Bb2 d6 6. g3 e5 7. d3 Nge7 8. Bg2 0-0 9. 0-0 h6 10. e3 Be6 11. h3 Qd7 12. Kh2 b6 13. e4 f5 14. Nd5 Rab8 15. Qd2 Rf7 16. Ng1 Rbf8 17. f4 Nd4 18. fxe5 dxe5 19. Ne2 f4 20. Nxd4 fxg3+ 21. Kxg3 exd4 22. Kh2 g5 23. Rxf7 Rxf7 24. Nxe7+ Qxe7 25. Rf1 Be5+ 26. Kg1 Bf4 27. Qe2 Be3+ 28. Kh1 g4 29. Rxf7 Kxf7 30. Qf1+ Kg7 31. Bc1 Qg5 32. Bxe3 dxe3 33. hxg4 Bxg4 34. Bf3 Qh5+ 0-1

[Event "Paulista-ch final"]
[Site "Santos"]
[Date "2008.06.28"]
[Round "4"]
[White "Oliveira, Eduardo Leite"]
[Black "Murga, Jose Luis Chauca"]
[Result "1/2-1/2"]
[WhiteElo "1830"]
[BlackElo "2209"]
[PlyCount "68"]
[EventDate "2008.06.26"]
[EventType "swiss"]
[EventRounds "7"]
[EventCountry "BRA"]
[SourceTitle "CBM 125 Extra"]
[Source "ChessBase"]
[SourceDate "2008.09.01"]
[SourceVersion "1"]
[SourceVersionDate "2008.09.01"]
[SourceQuality "1"]

1. e4 c5 2. Nf3 e6 3. d4 cxd4 4. Nxd4 a6 5. Bd3 Nf6 6. 0-0 d6 7. Qe2 Be7 8. Be3 Nbd7 9. c4 Nc5 10. Nc3 Nxd3 11. Qxd3 0-0 12. f3 Qc7 13. Rac1 b6 14. Qe2 Bd7 15. Qf2 Qb7 16. a4 Rfc8 17. b3 Be8 18. Nde2 b5 19. cxb5 axb5 20. axb5 Bxb5 21. Nxb5 Qxb5 22. Nd4 Qb7 23. Rc2 Rxc2 24. Qxc2 Rc8 25. Qd3 d5 26. e5 Nd7 27. f4 Nc5 28. Qb1 g6 29. Rc1 Rb8 30. b4 Bf8 31. b5 Nd7 32. Nc6 Rc8 33. Kh1 Nb6 34. Bxb6 Qxb6 1/2-1/2

[Event "Paulista-ch final"]
[Site "Santos"]
[Date "2008.06.26"]
[Round "1"]
[White "Murga, Jose Luis Chauca"]
[Black "Fernandes, Carlos"]
[Result "1-0"]
[WhiteElo "2209"]
[BlackElo "2044"]
[PlyCount "53"]
[EventDate "2008.06.26"]
[EventType "swiss"]
[EventRounds "7"]
[EventCountry "BRA"]
[SourceTitle "CBM 125 Extra"]
[Source "ChessBase"]
[SourceDate "2008.09.01"]
[SourceVersion "1"]
[SourceVersionDate "2008.09.01"]
[SourceQuality "1"]

1. d4 Nf6 2. Nf3 g6 3. g3 Bg7 4. Bg2 d6 5. c4 0-0 6. Nc3 Nbd7 7. 0-0 e5 8. e4 a5 9. dxe5 dxe5 10. Qc2 Nc5 11. Rd1 Qe7 12. b3 c6 13. Ba3 Nfd7 14. Rxd7 Bxd7 15. Na4 b6 16. Nxb6 Rad8 17. Na4 Rfe8 18. Bxc5 Qf6 19. Bb6 Ra8 20. Rd1 Bg4 21. Rd3 Ra6 22. c5 Qe7 23. h3 Be6 24. Rd6 Rc8 25. Bf1 Raa8 26. Nd2 f5 27. Rxe6 1-0